Delivering affordable housing (Record no. 107291)

MARC details
000 -LEADER
fixed length control field 01281cam a22002295a 4500
001 - CONTROL NUMBER
control field L139303
008 - FIXED-LENGTH DATA ELEMENTS--GENERAL INFORMATION
fixed length control field 070725s2007 xxkd f 000 0 eng d
035 ## - SYSTEM CONTROL NUMBER
System control number (Sirsi) u139303
041 0# - LANGUAGE CODE
Language code of text/sound track or separate title eng
050 04 - LIBRARY OF CONGRESS CALL NUMBER
Classification number 306.1 $2 18
110 2# - MAIN ENTRY--CORPORATE NAME
Corporate name or jurisdiction name as entry element Housing Corporation
245 00 - TITLE STATEMENT
Title Delivering affordable housing
Remainder of title meeting the challenges of growth and efficiency
Medium [electronic resource]
260 ## - PUBLICATION, DISTRIBUTION, ETC.
Place of publication, distribution, etc. London
Name of publisher, distributor, etc. The Housing Corporation
Date of publication, distribution, etc. 2007
520 ## - SUMMARY, ETC.
Summary, etc. Sets out the Housing Corporation's aims of helping to provide 47 000 new homes during 2007-08 in the context of statistics since 2004-05. Describes changes in the Corporation?s investment model. Outlines the levels of partnership with the public and private sectors, and with housing associations. Identifies some future targets, including opportunities to own homes using the Open Market HomeBuy product. Lists housing investment partners for the 2008-11 period.
590 ## - LOCAL NOTE (RLIN)
Local note KA
650 24 - SUBJECT ADDED ENTRY--TOPICAL TERM
Topical term or geographic name entry element Affordable housing
9 (RLIN) 6215
651 #4 - SUBJECT ADDED ENTRY--GEOGRAPHIC NAME
Geographic name United Kingdom
Chronological subdivision
690 ## - LOCAL SUBJECT ADDED ENTRY--TOPICAL TERM (OCLC, RLIN)
Topical term or geographic name as entry element PROPERTY-RESIDENTIAL PROPERTY-RESIDENTIAL PROPERTY DEVELOPMENT
710 2# - ADDED ENTRY--CORPORATE NAME
Corporate name or jurisdiction name as entry element The National Affordable Homes Agency
9 (RLIN) 5289
856 40 - ELECTRONIC LOCATION AND ACCESS
Uniform Resource Identifier <a href="https://www.housingcorp.gov.uk/server/show/ConWebDoc.11536">https://www.housingcorp.gov.uk/server/show/ConWebDoc.11536</a>
Public note View the item free of charge at www.housingcorp.gov.uk...
942 ## - ADDED ENTRY ELEMENTS (KOHA)
Suppress in OPAC 0
Holdings
Withdrawn status Lost status Source of classification or shelving scheme Damaged status Not for loan Home library Current library Shelving location Date acquired Total Checkouts Full call number Barcode Date last seen Copy number Price effective from Koha item type
    Dewey Decimal Classification     Virtual Virtual Online 25/07/2007   ONLINE PUBLICATION 139303-1001 06/08/2019 1 06/08/2019 Book